Gold Coast Suns Theme Song - Statistics

General Stats
  • This quiz has been taken 123 times
  • The average score is 58 of 67
Answer Stats
Answer % Correct
Coast
99%
Coast
99%
Coast
99%
Gold
99%
Gold
99%
Gold
99%
Gold
99%
We
99%
We
99%
We
99%
We
99%
We
99%
We
99%
We
99%
Are
98%
Are
98%
Are
98%
Are
98%
Are
98%
Suns
98%
Suns
98%
Suns
98%
The
98%
The
98%
The
98%
The
98%
The
98%
The
98%
The
98%
The
98%
The
98%
The
98%
The
98%
Sky
95%
Sky
95%
Of
94%
Of
94%
Mighty
82%
Red
81%
And
78%
Fight
78%
Fight
78%
Fight
78%
Blue
76%
Team
75%
Team
75%
Flag
74%
For
74%
Win
74%
Run
71%
Run
71%
Run
71%
You
71%
Die
69%
Hold
69%
Never
69%
Say
69%
In
68%
To
68%
Hey
67%
Till
67%
Up
66%
Way
65%
Who
65%
All
64%
Cup
64%
Play
60%
No matching quizzes found
Score Distribution
Percent of People with Each Score
Percentile by Number Answered
Your Score History
You have not taken this quiz